Das Deutschtum im Memelgebiet

Titel: Das Deutschtum im Memelgebiet / Werner Horn
Verfasser:
Veröffentlicht: Gotha : Perthes, 1939
Umfang: [3] S. + Kt.-Beil.
Format: Buch
Sprache: Deutsch
Kein Bild verfügbar
X
Lokale Klassifikation: 45 8 M 1
alg: 12723077
001A    $03004:10-03-05 
001B    $01999:27-07-21 $t09:15:04.000 
001D    $03004:10-03-05 
001U    $0utf8 
001X    $00 
002@    $0Aau 
003@    $0127230777 
003O    $0179264761 $aOCoLC 
007A    $0127230777 $aHEB 
007T    $0Herdhh127230777 
010@    $ager 
011@    $a1939 
021A    $aDas @Deutschtum im Memelgebiet $hWerner Horn 
028A    $#Horn, W. $7131429973 $8Horn, Werner$Z1903-1978 [Tp1] $9176827609 
033A    $pGotha $nPerthes 
034D    $a[3] S. 
034K    $aKt.-Beil. 
046R    $aAus: Petermanns geographische Mitteilungen : Ergänzungsheft ; 3 

lok: 12723077 24
101B    $010-03-05 $t08:47:29.000 
101C    $010-03-05 
145Z/01 $a45 8 M 1 
101U    $0utf8 

exp: 12723077 24 1 #EPN
201B/01 $001-04-15 $t14:51:41.000 
201C/01 $010-03-05 
201U/01 $0utf8 
203@/01 $0230884091 
208@/01 $a10-03-05 $br 
209A/01 $a45 VIII M 13 $du $f050 $h45 8 M 13 $x00 
209C/01 $a488 K 1950 $h50 0488 K 
209G/01 $a70597284 $x00 
220C/01 $amue 
247C/01 $8358050-7 Marburg, Bibliothek des Herder-Instituts Marburg $9102600961 

lok: 12723077 78

exp: 12723077 78 1 #EPN
201B/01 $019-04-17 $t19:41:32.000 
201U/01 $0utf8 
203@/01 $0793975298 
208@/01 $a12-11-16 $be 
209A/01 $a/ $f000 $x00 
237A/01 $aweiterführende Signatur(en): Herder-Institut: 45 VIII M 13 
244Z/01 $2Trx $#Litauen $#Lithuania $#Litwa $#Litva $#Litva $8--Trx--Lietuva $x01 $9391193457 
244Z/01 $2Trx $8--Trx--Monographie $x02 $9391384546 
247C/01 $82080>Marburg/Lahn, Herder-Institut, Forschungsbibliothek, Bibliographieportal $9336309341
LEADER 00000cam a2200000 c 4500
001 127230777
003 DE-603
005 20210727091504.0
007 tu
008 050310s1939 xx |||| | u00||u|ger c
035 |a (DE-599)HEB127230777 
035 |a (OCoLC)179264761 
040 |a DE-603  |b ger  |c DE-603  |d DE-603 
041 |a ger 
100 1 |a Horn, Werner  |d 1903-1978  |0 (DE-603)176827609  |0 (DE-588)131429973  |2 gnd 
245 0 0 |a ˜Dasœ Deutschtum im Memelgebiet  |c Werner Horn 
264 1 |a Gotha  |b Perthes  |c 1939 
300 |a [3] S.  |e Kt.-Beil. 
500 |a Aus: Petermanns geographische Mitteilungen : Ergänzungsheft ; 3 
924 0 |9 Mb 50  |a (DE-603)230884091  |b DE-Mb50  |c HES  |d c  |g 45 VIII M 13 
924 0 |9 2080  |a (DE-603)793975298  |b DE-2080  |c HES  |d d  |g /